| 000 | 00469 a2200169 4500 | ||
|---|---|---|---|
| 003 | Nust | ||
| 005 | 20170207153349.0 | ||
| 040 | _cNust | ||
| 082 | _a005.1 | ||
| 100 | _aMukarram , Muhammad Capt BESE-03 | ||
| 245 |
_a Developer Studio for Dual Tone Multiple Freqquency Detector _cCapt Muhammad Mukarram & Capt Mohsin Abbas BESE-03 |
||
| 260 |
_bMCS _c2001 |
||
| 300 | _a87 :p | ||
| 538 | _aAlmirah No 71 Shelf No 3 | ||
| 650 | _aUG Projects | ||
| 651 | _aUG CS Projects | ||
| 942 | _cTHS | ||
| 999 |
_c184504 _d184504 |
||